Prester John / (Record no. 8976)
[ view plain ]
| 000 -LEADER | |
|---|---|
| fixed length control field | 00822cam a2200277 i 4500 |
| 001 - CONTROL NUMBER | |
| JCCL Control Number | 8976 |
| 003 - CONTROL NUMBER IDENTIFIER | |
| JCCL marc code | BD-JhCC |
| 005 - DATE AND TIME OF LATEST TRANSACTION | |
| control field | 20180723193229.0 |
| 008 - FIXED-LENGTH DATA ELEMENTS--GENERAL INFORMATION | |
| fixed length control field | 180314s1963 enka b 001 0 eng |
| 020 ## - INTERNATIONAL STANDARD BOOK NUMBER | |
| Cancelled/invalid ISBN | 9781409474456 (epub) |
| 035 ## - SYSTEM CONTROL NUMBER | |
| system control number | (BD-JhCC)8976 |
| 040 ## - CATALOGING SOURCE | |
| Original cataloging agency | BD-JhCC |
| Modifying agency | BD-JhCC |
| 041 1# - LANGUAGE CODE | |
| Language code of Book | eng |
| Language code of original and/or intermediate translations of text | lat |
| 050 00 - LIBRARY OF CONGRESS CALL NUMBER | |
| Classification number | BR275.J7 |
| Item number | P74 2015 |
| 082 00 - DEWEY DECIMAL CLASSIFICATION NUMBER | |
| Classification number | 398.22 |
| DDC Edition number | 23 |
| Author mark and Year | BUC 1963 |
| 100 ## - MAIN ENTRY--PERSONAL NAME | |
| Personal name | Buchan, John |
| 245 00 - TITLE STATEMENT | |
| Title | Prester John / |
| Statement of responsibility, etc | John Buchan, |
| 260 ## - PUBLICATION, DISTRIBUTION, ETC. (IMPRINT) | |
| Place of publication, distribution, etc | London : |
| Name of publisher, distributor, etc | Longmans, |
| Date of publication, distribution, etc | 1963 |
| 300 ## - PHYSICAL DESCRIPTION | |
| Pagination | 150 pages : |
| Other physical details | illustrations ; |
| Dimensions | 18 cm. |
| 490 0# - SERIES STATEMENT | |
| Series statement | Crusade texts in translation |
| 504 ## - BIBLIOGRAPHY, ETC. NOTE | |
| Bibliography, etc | Includes bibliographical references (pages 327-333) and index. |
| 600 00 - SUBJECT ADDED ENTRY--PERSONAL NAME | |
| Personal name | Prester John |
| Titles and other words associated with a name | (Legendary character) |
| 650 #0 - SUBJECT ADDED ENTRY--TOPICAL TERM | |
| Topical term or geographic name as entry element | Literature, Medieval |
| General subdivision | History and criticism. |
| 942 ## - ADDED ENTRY ELEMENTS (KOHA) | |
| Source of classification or shelving scheme | Dewey Decimal Classification |
| Koha item type | Books |
| Source of classification or shelving scheme | Damaged status | Not for loan | Home library | Current library | Shelving location | Total Checkouts | Full call number | Barcode | Date last seen | Copy number | Koha item type |
|---|---|---|---|---|---|---|---|---|---|---|---|
| Dewey Decimal Classification | JCC Rouf Library | JCC Rouf Library | General Stacks | 398.22 BUC 1963 | 11961 | 03/06/2018 | C - 1 | Books | |||
| Dewey Decimal Classification | JCC Rouf Library | JCC Rouf Library | General Stacks | 398.22 BUC 1963 | 12588 | 03/14/2018 | C - 2 | Books |